[Event "HUN-chT2 9495"]
[Site "HUN"]
[Date "1995.??.??"]
[Round "?"]
[White "Kadar, Gabor"]
[Black "Seres, Lajos"]
[Result "1/2-1/2"]
[WhiteElo "2280"]
[BlackElo "2430"]

1.e4 c5 2.Nf3 Nc6 3.Bb5 g6 4.O-O Bg7 5.c3 Nf6 6.Re1 O-O 7.e5 Nd5 8.d4 cxd4
9.cxd4 d6 10.Nc3 Be6 11.exd6 exd6 12.Ne4 Qb6 13.Bxc6 Qxc6 14.Bg5 Qb6 15.Qd3 Rfe8
16.Nfd2 h6 17.Bh4 f5 18.Nc3 Nb4 19.Qb1 Qxd4 20.Nf3 Qc4 21.Bg3 Nd3 22.Re3 f4
23.Bxf4 Bf5 24.Bg3 Rxe3 25.fxe3 Qc5 26.Qd1 Qxe3+ 27.Kh1 Kh8 28.Qb3 Nxb2 29.Qxb7 Rc8
30.Qxb2 Bxc3 31.Qc1 Qxc1+ 32.Rxc1 Bb4 33.Rd1 Kg8 34.h3 a6 35.Nh4 Be4 36.Bxd6 Rd8
37.Rd4 Rxd6 38.Rxb4 Bc6  1/2-1/2

[Event "HUN-chT2 9495"]
[Site "HUN"]
[Date "1995.??.??"]
[Round "?"]
[White "Kadar, Gabor"]
[Black "Sax, Gyula"]
[Result "0-1"]
[WhiteElo "2280"]
[BlackElo "2535"]

1.e4 c5 2.Nf3 Nc6 3.Bb5 g6 4.O-O Bg7 5.c3 a6 6.Bxc6 dxc6 7.d3 Nf6 8.Qe2 O-O
9.Nbd2 a5 10.a4 b6 11.Nc4 Qc7 12.Ne1 b5 13.Ne3 Ba6 14.c4 bxc4 15.Nxc4 Nd7
16.f4 Bd4+ 17.Kh1 Rab8 18.Nf3 Bxc4 19.dxc4 Rb4 20.f5 Bg7 21.fxg6 fxg6 22.Ng5 Qe5
23.Rxf8+ Nxf8 24.Ra3 Qd4 25.b3 Qc3 26.Qd2 Rxb3 27.Qxc3 Rxc3 28.Rxc3 Bxc3
29.Be3 Nd7 30.Ne6 Nb6 31.Nxc5 Nxc4 32.Bg5 Kf7 33.Nb3 Ke8 34.Bf4 Kd7 35.Bg3  0-1

[Event "HUN-chT2 9495"]
[Site "HUN"]
[Date "1995.??.??"]
[Round "?"]
[White "Jozsa, Csaba"]
[Black "Meszaros, Andras"]
[Result "0-1"]
[WhiteElo "2255"]
[BlackElo "2310"]

1.e4 c5 2.Nf3 Nc6 3.Bb5 g6 4.O-O Nf6 5.Re1 Bg7 6.c3 O-O 7.d4 d5 8.e5 Ne4
9.h3 Qb6 10.Bxc6 bxc6 11.Nbd2 Nxd2 12.Bxd2 cxd4 13.cxd4 Qxb2 14.Qa4 Bf5 15.Bg5 Qb7
16.Rac1 Rfc8 17.Qa3 Bf8 18.Qe3 Rc7 19.g4 Be6 20.Kh2 Rb8 21.Nd2 Qa6 22.Rc2 Rb4
23.Nb3 Qb5 24.f4 Rc4 25.Rf2 Qb4 26.Rc1 c5 27.Rxc4 dxc4 28.Nxc5 Bd5 29.Na6 Qb6
30.Nxc7 Qxc7 31.f5 Qb8 32.Bh6 Bxh6 33.Qxh6 Qb1 34.Qf4 c3 35.Rf1 Qxa2+ 36.Rf2 Qb1
37.Kg3 Qg1+ 38.Kh4 Qe1 39.e6 f6 40.Qg3 c2 41.g5 fxg5+  0-1

[Event "HUN-chT2 9495"]
[Site "HUN"]
[Date "1995.??.??"]
[Round "?"]
[White "Haag, Ervin"]
[Black "Ezsol, Miklos"]
[Result "1/2-1/2"]
[WhiteElo "2355"]
[BlackElo "2295"]

1.e4 c5 2.Nf3 Nc6 3.Bb5 e5 4.c3 Nge7 5.O-O g6 6.d4 cxd4 7.cxd4 exd4 8.Nxd4 Bg7
9.Be3 O-O 10.Nc3 a6 11.Ba4 b5 12.Bb3 Na5 13.Qd2 Bb7 14.Bh6 Nxb3 15.axb3 Bxh6
16.Qxh6 b4 17.Nce2 Bxe4 18.Ng3 Bb7 19.Rfe1 f5 20.Rad1 Nd5 21.Nf3 Re8 22.Ng5 Rxe1+
23.Rxe1 Nf6 24.Qh4 Qf8 25.Nxh7 Nxh7 26.Re7 Nf6 27.Nxf5 gxf5 28.Qg5+ Kh8 29.Qh4+ Kg8  1/2-1/2

[Event "HUN-chT2 9596"]
[Site "HUN"]
[Date "1995.??.??"]
[Round "1"]
[White "Kis, Jozsef"]
[Black "Kakuk, Sandor"]
[Result "1-0"]
[WhiteElo "2110"]
[BlackElo "2225"]

1.e4 c5 2.Nf3 Nc6 3.Bb5 e6 4.O-O d6 5.Re1 a6 6.Bf1 Nf6 7.c3 Be7 8.g3 O-O
9.Bg2 Rb8 10.d3 b5 11.h3 Qc7 12.Qe2 Re8 13.Nbd2 Bb7 14.Nf1 Rbd8 15.g4 d5
16.e5 Nd7 17.g5 d4 18.Ng3 Nb6 19.cxd4 Nxd4 20.Nxd4 Rxd4 21.Be3 Rd7 22.Bxb7 Qxb7
23.Ne4 Qd5 24.Rac1 Qxe5 25.Nxc5 Bxc5 26.Rxc5 Nd5 27.d4 Qe4 28.Qg4 Qxg4+ 29.hxg4 Nb4
30.Ra1 Red8 31.a3 Nd3 32.Rc6 a5 33.Rd1 Nxb2 34.Rb1 Nc4 35.Rxb5 Nxa3 36.Rb3  1-0

[Event "HUN-chT1 9596"]
[Site "HUN"]
[Date "1995.??.??"]
[Round "1"]
[White "Csoke, Adrienn"]
[Black "Murin, Janos"]
[Result "1-0"]
[WhiteElo "2085"]
[BlackElo "2255"]

1.e4 c5 2.Nf3 Nc6 3.Bb5 g6 4.Nc3 Bg7 5.d3 Nd4 6.Bc4 e6 7.O-O Ne7 8.Bf4 d6
9.Nxd4 cxd4 10.Ne2 O-O 11.Bb3 a5 12.a4 Nc6 13.Qd2 Ra6 14.Bg5 Qc7 15.f4 h6
16.Bh4 Rb6 17.f5 Rxb3 18.cxb3 exf5 19.exf5 Bxf5 20.Rxf5 gxf5 21.Ng3 Qd7 22.Rf1 Re8
23.Nxf5 Re6  1-0

[Event "HUN-chT1 9596"]
[Site "HUN"]
[Date "1995.??.??"]
[Round "2"]
[White "Pergel, Laszlo"]
[Black "Grabics, Monika"]
[Result "1-0"]
[WhiteElo "2145"]
[BlackElo "2315"]

1.e4 c5 2.Nf3 Nc6 3.Bb5 g6 4.Bxc6 dxc6 5.O-O Bg7 6.h3 e5 7.d3 Qe7 8.a4 Nh6
9.Be3 f6 10.a5 Nf7 11.Nc3 Nd8 12.Na4 Ne6 13.Nd2 O-O 14.Nb3 f5 15.exf5 gxf5
16.Bxc5 Qg5 17.Bxf8 Nf4 18.Qf3 Be6 19.Nc3 Rxf8 20.Qg3 Qh6 21.h4 Rf6 22.Qg5 Nh3+
23.gxh3 Rg6 24.Kh2 Rxg5 25.hxg5 Qxg5 26.Nc5 Bc8 27.f4 exf4 28.Rf3 Qe7 29.d4 Bxd4
30.Nd3 Qh4 31.Re1 Be3 32.Nd1 Qh5 33.Kg2 Be6 34.Nxe3 fxe3 35.Nf4 Qh4 36.Rexe3 Bd7
37.Rd3 Qe7 38.Rfe3 Qf7 39.Rg3+ Kf8 40.b3 Qe8 41.Rge3 Qf7 42.Rd6 c5 43.Kf2 Kg8
44.Nd5 f4 45.Re7 Qf5 46.Rdxd7 Qxc2+ 47.Re2  1-0

[Event "HUN-chT1 9596"]
[Site "HUN"]
[Date "1995.??.??"]
[Round "3"]
[White "Siklosi, Zoltan"]
[Black "Korpics, Zsolt"]
[Result "1/2-1/2"]
[WhiteElo "2370"]
[BlackElo "2315"]

1.e4 c5 2.Nf3 Nc6 3.Bb5 d6 4.O-O Bd7 5.Re1 Nf6 6.c3 a6 7.Bf1 Bg4 8.h3 Bh5
9.d3 e6 10.Nbd2 Be7 11.g4 Bg6 12.Nh4 Nd7 13.Nxg6 hxg6 14.Nf3 Nde5 15.Be3 Nxf3+
16.Qxf3 Bg5  1/2-1/2

[Event "HUN-chT1 9596"]
[Site "HUN"]
[Date "1995.??.??"]
[Round "3"]
[White "Kubacsny, Laszlo"]
[Black "Certek, Pavel"]
[Result "1-0"]
[WhiteElo "2335"]
[BlackElo "2285"]

1.e4 c5 2.Nf3 Nc6 3.Bb5 g6 4.O-O Bg7 5.Re1 Nf6 6.Bxc6 dxc6 7.d3 O-O 8.Nc3 b6
9.h3 Ne8 10.Bf4 Nc7 11.Qd2 Ne6 12.Bh6 Nd4 13.Nxd4 cxd4 14.Ne2 e5 15.Bxg7 Kxg7
16.f4 f6 17.Rf1 Be6 18.Rf2 Qe7 19.Ng3 Bg8 20.Raf1 c5 21.b3 Rfe8 22.f5 Rf8
23.h4 Kh8 24.fxg6 hxg6 25.h5 g5 26.Nf5 Qd8 27.h6 Qe8 28.Ng7 Qg6 29.g4 Rac8
30.Qe2 Rc6 31.Qf3 Bh7 32.Qh3 b5 33.Rf5 Rf7 34.R1f3 c4 35.Qh2 cxd3 36.cxd3 Rfc7
37.Nh5 Qxh6 38.Rxf6 Rxf6 39.Qxe5 Rc6 40.Rxf6 Rxf6 41.Qxd4 Bg8 42.Nxf6 Be6
43.Qe5 Bf7 44.d4 Kg7 45.Nh5+ Kf8 46.Qb8+ Be8 47.Qd8 Kf7 48.e5 b4 49.Nf6 Bb5
50.Qd5+  1-0

[Event "HUN-chT1 9596"]
[Site "HUN"]
[Date "1995.??.??"]
[Round "4"]
[White "Horvath, Tamas"]
[Black "Farkas, Gyula"]
[Result "1-0"]
[WhiteElo "2410"]
[BlackElo "2215"]

1.e4 c5 2.Nf3 Nc6 3.Bb5 g6 4.O-O Bg7 5.Re1 e5 6.c3 Nge7 7.d3 O-O 8.Be3 d6
9.Qc1 Bg4 10.Nfd2 Be6 11.Nf1 f5 12.f3 f4 13.Bf2 Qe8 14.Nbd2 Qf7 15.Bc4 Rfd8
16.a3 a6 17.Rd1 Rac8 18.Qb1 b5 19.Bxe6 Qxe6 20.b4 cxb4 21.axb4 Nb8 22.Qb2 Rc6
23.Nb3 Nd7 24.Nfd2 g5 25.h3 h5 26.Na5 Rc7 27.Ndb3 g4 28.hxg4 hxg4 29.Kf1 d5
30.Ke2 g3 31.Nc5 Qb6 32.Bg1 Qh6 33.Nab7 Ra8 34.Qb3 Qc6 35.Nxd7 Rxd7 36.Nc5 Rd6
37.Ra2 Kf8 38.Rda1 Qc8 39.exd5 Nxd5 40.Ne4 Rd7 41.Bc5+ Kg8 42.c4 bxc4 43.Qxc4 Kh7
44.Rxa6 Rxa6 45.Rxa6 Qd8 46.Nd6 Nf6 47.Qe6 Re7 48.Qf5+ Kg8 49.Qg6 Rc7 50.Nf5 e4
51.fxe4 Ne8 52.Re6  1-0

[Event "HUN-chT2 9596"]
[Site "HUN"]
[Date "1995.??.??"]
[Round "4"]
[White "Molnar, Laszlo"]
[Black "Molnar, Emil"]
[Result "1-0"]
[WhiteElo "2260"]
[BlackElo "2200"]

1.e4 c5 2.Nf3 Nc6 3.Bb5 g6 4.O-O Bg7 5.Re1 e5 6.Bxc6 bxc6 7.d3 d6 8.h3 Ne7
9.Nbd2 O-O 10.Nc4 h6 11.c3 f5 12.exf5 Nxf5 13.b3 Rf7 14.Bb2 Rb8 15.d4 e4
16.Rxe4 cxd4 17.Nxd4 Nxd4 18.Rxd4 Bxd4 19.Qxd4 Qf6 20.Nxd6 Qxd4 21.cxd4 Rd7
22.Nc4 Ba6 23.Ne5 Rd6 24.Ba3 Re6 25.Bc5 Rb7 26.f3 Rc7 27.Kf2 Bc8 28.Nc4 Bd7
29.Bd6 Rb7 30.Bc5 Be8 31.Ne5 g5 32.Rc1 Bf7 33.Kg3 Rf6 34.Ng4 Re6 35.Ne5 h5
36.h4 gxh4+ 37.Kxh4 Be8 38.Kg3 Rf6 39.Kf2 Rg7 40.Rg1 Rf5 41.g3 a6 42.Ke3 Rf6
43.f4 Bf7 44.Be7 Re6 45.Bh4 Rd6 46.Rc1 Bd5 47.f5 Rb7 48.Kf4 Rb4 49.Be7 Rxd4+
50.Kg5 Bf7 51.Bxd6 Rxd6 52.Nxf7 Kxf7 53.Kxh5  1-0

[Event "HUN-chT1 9596"]
[Site "HUN"]
[Date "1995.??.??"]
[Round "5"]
[White "Horvath, Adam"]
[Black "Bako, Viktor"]
[Result "1-0"]
[WhiteElo "2195"]
[BlackElo "2245"]

1.e4 c5 2.Nf3 Nc6 3.Bb5 g6 4.O-O Bg7 5.c3 Nf6 6.Re1 O-O 7.d4 cxd4 8.cxd4 d5
9.e5 Ne4 10.Nc3 Bf5 11.Nh4 Qb6 12.Nxf5 gxf5 13.Bxc6 Qxc6 14.Ne2 f6 15.f3 Ng5
16.Ng3 e6 17.Nh5 h6 18.h4 Nh7 19.Nxg7 Kxg7 20.Qd2 h5 21.Qh6+ Kh8 22.Bf4 Rg8
23.exf6 Qc2 24.g3 Qd3 25.Be5 Rxg3+ 26.Bxg3 Rg8 27.Qf4  1-0

[Event "HUN-chT1 9596"]
[Site "HUN"]
[Date "1995.??.??"]
[Round "6"]
[White "Fusthy, Zsolt"]
[Black "Csaba, Arpad"]
[Result "1-0"]
[WhiteElo "2300"]
[BlackElo "2230"]

1.e4 c5 2.Nf3 Nc6 3.Bb5 g6 4.O-O Bg7 5.c3 Qb6 6.Bxc6 bxc6 7.d4 cxd4 8.cxd4 Nf6
9.Nc3 O-O 10.e5 Ne8 11.Re1 Nc7 12.Bg5 Re8 13.Qd2 Qa5 14.Bh6 Bh8 15.h4 d5
16.exd6 exd6 17.Qf4 Qh5 18.Ng5 Bf5 19.Qxd6 Qxh6 20.Qxc7 Qf8 21.Qxc6 Bxd4
22.Rad1 Rxe1+ 23.Rxe1 Rc8 24.Qb7 h6 25.Nf3 Bc5 26.Nd5 Rb8 27.Qc6 Be6 28.Nf6+ Kg7
29.Ne4 Rc8 30.Qb7 Bb6 31.h5 g5 32.Ng3 Rc7 33.Qe4 Qc5 34.Qe2 Bxa2 35.b4 Qc2
36.Qe5+ Kg8 37.Re2 Qb1+ 38.Kh2 Be6 39.Ne4 Rc8 40.Nf6+ Kg7 41.Nxg5 hxg5 42.Qxg5+ Kf8
43.Qg8+ Ke7 44.Qxc8 Kxf6 45.Qc3+ Ke7 46.g4 Qd1 47.Qe5 Kd7 48.Qb5+ Kd8 49.h6 Qc1
50.Qd3+ Ke7 51.Rd2 Bc7+ 52.Kg2 Qc6+ 53.f3 Bxg4 54.Qe3+ Kf8 55.h7 Bxf3+ 56.Qxf3 Qg6+
57.Kf1 Qxh7 58.Qa8+ Ke7 59.Re2+ Kd6 60.Qf8+ Kc6 61.Qc5+ Kb7 62.Qb5+ Bb6 63.Re7+ Kc8
64.Qd7+  1-0

[Event "HUN-chT2 9596"]
[Site "HUN"]
[Date "1995.??.??"]
[Round "6"]
[White "Molnar, Laszlo"]
[Black "Tivolt, Ferenc"]
[Result "0-1"]
[WhiteElo "2260"]
[BlackElo "2210"]

1.e4 c5 2.Nf3 Nc6 3.Bb5 g6 4.O-O Bg7 5.c3 e5 6.d3 Nge7 7.Be3 d6 8.d4 cxd4
9.cxd4 a6 10.Bxc6+ Nxc6 11.d5 Ne7 12.h3 O-O 13.Nc3 f5 14.Ng5 f4 15.Bd2 Rf6
16.Qb3 Rb8 17.a4 Kh8 18.Ra3 h6 19.Ne6 Bxe6 20.dxe6 Qg8 21.Nd5 Rxe6 22.Ba5 Nxd5
23.Qxd5 Rf6 24.Rd1 Qxd5 25.Rxd5 Bf8 26.Rc3 Kg8 27.Rc7 Rf7 28.Rxf7 Kxf7 29.Bc7 Rc8
30.Bxd6 Bxd6 31.Rxd6 Rc1+ 32.Kh2 Rc2 33.Rd7+ Kf6 34.Rxb7 Rxf2 35.Kg1 Re2
36.a5 Rxe4 37.Rb6+ Kf5 38.Rxa6 Ra4 39.b3 Ra1+ 40.Kf2 Ra2+ 41.Kf1 e4 42.b4 e3
43.Rc6 Rf2+ 44.Kg1 Rb2 45.Rc1 Rxb4 46.Ra1 Rb7 47.a6 Ra7 48.Kf1 g5 49.Ke2 Kg6
50.Kf3 Kh5 51.Ra2 Kh4 52.Ra1 h5 53.Ra2 g4+ 54.hxg4 hxg4+ 55.Kxf4 e2 56.Rxe2 Rxa6
57.Kf5 Ra8 58.Re4 Ra5+ 59.Kf4 Ra2 60.Re8 Rf2+ 61.Ke3 Kg3 62.Rg8 Rxg2 63.Rg7 Ra2
64.Rg8 Ra4 65.Rb8 Ra3+ 66.Ke2 Kg2 67.Rb2 Rf3 68.Ke1+ Kg1 69.Rb4 g3 70.Rg4 g2
71.Ke2 Rf2+ 72.Ke3 Ra2 73.Rg7 Kf1 74.Rf7+ Ke1 75.Rg7 Ra3+ 76.Kf4 Kf2  0-1

[Event "Ikaros op"]
[Site "Ikarios"]
[Date "1995.??.??"]
[Round "5"]
[White "Vojinovic, Goran"]
[Black "Arakhamia, Ketevan"]
[Result "1-0"]
[WhiteElo "2425"]
[BlackElo "2420"]

1.e4 c5 2.Nf3 Nc6 3.Bb5 e6 4.O-O Nge7 5.Nc3 a6 6.Bxc6 Nxc6 7.d4 cxd4 8.Nxd4 Be7
9.Nxc6 bxc6 10.Qg4 Bf6 11.Qg3 O-O 12.e5 Bh4 13.Qd3 f5 14.f4 Be7 15.Be3 Qa5
16.b3 c5 17.Na4 Rb8 18.c4 Rd8 19.Qd2 Qxd2 20.Bxd2 Bb7 21.Be3 Rbc8 22.Rfd1 Kf7
23.Rd2 Rc6 24.Rad1 Bc8 25.g3 h6 26.h4 g6 27.Kf2 Rg8 28.Rd3 Ke8 29.Bd2 Rg7
30.Ba5 Bf8 31.Nb6 Rh7 32.Kg1 Rg7 33.Nd5 exd5 34.cxd5 c4 35.Rf3 Rc5 36.b4 Rb5
37.a3 Bb7 38.Rc1 Bxd5 39.Rd3  1-0

[Event "Ikaros op"]
[Site "Ikarios"]
[Date "1995.??.??"]
[Round "5"]
[White "Vratonjic, Slobodan"]
[Black "Mastrokoukos, Georgios"]
[Result "1/2-1/2"]
[WhiteElo "2445"]
[BlackElo "2425"]

1.e4 c5 2.Nf3 Nc6 3.Bb5 g6 4.Bxc6 dxc6 5.d3 Bg4 6.Nbd2 Bg7 7.O-O Nf6 8.h3 Bxf3
9.Nxf3 Nd7 10.c3 e5 11.Be3 O-O 12.a3 Qe7 13.Rb1 Rfd8 14.Qc2 Nf8 15.b4 Ne6
16.bxc5 Rd7 17.d4 exd4 18.cxd4 Nxd4 19.Nxd4 Bxd4 20.Bxd4 Rxd4 21.Rfd1 Rad8
22.Rxd4 Rxd4 23.Rb4  1/2-1/2

[Event "IRL-ch"]
[Site "IRL"]
[Date "1995.??.??"]
[Round "7"]
[White "Harding, Tim D"]
[Black "Daly, Colm"]
[Result "0-1"]
[WhiteElo "2225"]
[BlackElo "2210"]

1.e4 c5 2.Nf3 Nc6 3.Bb5 e6 4.O-O Nge7 5.Re1 a6 6.Bf1 d5 7.exd5 Nxd5 8.b3 Be7
9.Bb2 Bf6 10.Qc1 O-O 11.d3 Ne5 12.Nbd2 Re8 13.c3 Nc6 14.Ne4 Be7 15.a3 f5
16.Neg5 Bf6 17.Nh3 e5 18.d4 cxd4 19.cxd4 e4 20.Bc4 Na5 21.Ne5 Be6 22.Qd1 b5
23.Bxd5 Bxd5 24.b4 Nc4 25.Nxc4 Bxc4 26.Qd2 Qd6 27.Qe3 Rad8 28.Rad1 Re7 29.Qf4 Qd7
30.f3 Rde8 31.fxe4 Rxe4 32.Rxe4 Rxe4 33.Qf2 Re2  0-1

[Event "Kassel op"]
[Site "Kassel"]
[Date "1995.??.??"]
[Round "4"]
[White "Sawatzki, Frank"]
[Black "Roeberg, Frank"]
[Result "1/2-1/2"]
[WhiteElo "2255"]
[BlackElo "2295"]

1.e4 c5 2.Nf3 Nc6 3.Bb5 g6 4.O-O Bg7 5.Re1 Nf6 6.c3 O-O 7.d4 cxd4 8.cxd4 a6
9.Bxc6 dxc6 10.Nc3 Bg4 11.Be3 e5 12.dxe5 Nd7 13.h3 Bxf3 14.Qxf3 Nxe5 15.Qe2 Qd3
16.Rac1 Qxe2 17.Rxe2 Rad8 18.Bb6 Rd3 19.f4 Bh6 20.Rf1 Nc4 21.Bc5 Rfd8 22.Be7 Re8
23.Bf6 Bg7 24.Bxg7 Kxg7 25.Rd1 Red8 26.Rxd3 Rxd3 27.Na4  1/2-1/2

[Event "Kassel op"]
[Site "Kassel"]
[Date "1995.??.??"]
[Round "6"]
[White "Kersten, Uwe"]
[Black "Sawatzki, Frank"]
[Result "0-1"]
[WhiteElo "2310"]
[BlackElo "2255"]

1.e4 c5 2.Nf3 Nc6 3.Bb5 g6 4.O-O Bg7 5.Re1 Nf6 6.c3 O-O 7.h3 e5 8.d3 d6 9.Bxc6 bxc6
10.d4 exd4 11.cxd4 cxd4 12.Nxd4 Qb6 13.Nc3 Re8 14.Nf3 c5 15.Qc2 Bb7 16.Bg5 Re6
17.Re3 Rae8 18.Rae1 Bc6 19.b3 Qb7 20.Nd2 Nh5 21.Nc4 h6 22.Bh4 Bd4 23.Na5 Qc7
24.Nxc6 Bxe3 25.Rxe3 Qxc6 26.Nd5 g5 27.Qe2 Nf6 28.Nxf6+ Rxf6 29.Bg3 Rfe6
30.Qh5 d5 31.Rf3 R8e7 32.e5 d4 33.Qg4 Rd7 34.Qf5 Qd5 35.Rd3 Ree7 36.f4 Qe6
37.Qe4 gxf4 38.Bxf4 f5 39.Qe1 Kh7 40.Qh4 Rg7 41.Qf2 Rg6 42.Qd2 Qd5 43.Kh2 Qe4
44.g3 Rb6 45.Rc3 Qd5 46.Rc4 d3  0-1

[Event "Katowice op"]
[Site "Katowice"]
[Date "1995.??.??"]
[Round "1"]
[White "Jedryczka, Krystian"]
[Black "Gagarin, Vasilij"]
[Result "0-1"]
[WhiteElo "2140"]
[BlackElo "2440"]

1.e4 c5 2.Nf3 Nc6 3.Bb5 g6 4.Bxc6 dxc6 5.h3 e5 6.d3 f6 7.Nh2 Nh6 8.f4 Nf7
9.fxe5 Nxe5 10.Nf3 Nxf3+ 11.Qxf3 Bg7 12.Nc3 O-O 13.O-O c4 14.Be3 cxd3 15.Bc5 Rf7
16.Rad1 b6 17.Be3 Ba6 18.e5 Qe8 19.e6 Re7 20.cxd3 Rxe6 21.Rfe1 Rd8 22.d4 f5
23.Bf2 Bc4 24.b3 Bd5 25.Qg3 Be4 26.Nxe4 fxe4 27.Qf4 Rd7 28.Rd2 Rf7 29.Qg3 h5
30.Rde2 Kh7 31.Qh4 Rfe7 32.Be3 Qd7 33.Rd1 Qd5 34.Red2 Bh6 35.Bxh6 Kxh6 36.Re2 e3
37.Qf4+ g5 38.Qf8+ Rg7 39.Qh8+ Kg6 40.Qf8 Qf5 41.Qb4 Rge7 42.Qc3 g4 43.Rf1 Qd5
44.Qd3+ Kg7 45.h4 Re4 46.Rfe1 c5 47.Qb5 Qxd4 48.g3 Qd6 49.Kg2 Qd5 50.Kg1 Rf7
51.b4 Rf3 52.Kg2 Rxb4 53.Qa6 Qf7 54.Qd3 Rd4 55.Qc3 Rf2+ 56.Kg1 Qf3  0-1

[Event "Katowice op"]
[Site "Katowice"]
[Date "1995.??.??"]
[Round "1"]
[White "Bielczyk, Jacek"]
[Black "Muningis, Paulius"]
[Result "1-0"]
[WhiteElo "2365"]
[BlackElo "2045"]

1.e4 c5 2.Nf3 Nc6 3.Bb5 g6 4.O-O Bg7 5.c3 Nf6 6.e5 Nd5 7.d4 cxd4 8.cxd4 O-O
9.Nc3 Nc7 10.Bg5 Nxb5 11.Nxb5 a6 12.Nd6 h6 13.Bh4 g5 14.Bxg5 hxg5 15.Nxg5 f6
16.exf6 Rxf6 17.Nde4 Rh6 18.d5 Nd4 19.d6 e6 20.Qg4 b6 21.Rad1 Nf5 22.Ng3 Bb7
23.Nxf5 exf5 24.Qc4+ Re6 25.Nxe6 dxe6 26.Qxe6+ Kf8 27.Qxf5+ Qf6 28.Qg4 Rd8
29.Rfe1 Bc8 30.d7 Bb7 31.Re8+ Kf7 32.Qh5+  1-0

[Event "Katowice op"]
[Site "Katowice"]
[Date "1995.??.??"]
[Round "5"]
[White "Labuckas, Aidas"]
[Black "Obierak, Wladyslaw"]
[Result "1-0"]
[WhiteElo "2320"]
[BlackElo "2145"]

1.e4 c5 2.Nf3 Nc6 3.Bb5 g6 4.O-O Bg7 5.c3 e5 6.d3 Nge7 7.Be3 b6 8.d4 cxd4
9.cxd4 exd4 10.Nxd4 O-O 11.Nc3 Bb7 12.Qd2 a6 13.Be2 b5 14.Nb3 Ne5 15.Nc5 Bc6
16.f4 Nc4 17.Bxc4 bxc4 18.Rad1 Qc7 19.f5 f6 20.Qd4 Kh8 21.Qxc4 Qc8 22.Qd4 gxf5
23.Qd6 Qe8 24.Bd4 Qf7 25.exf5 Ng8 26.Ne6 Rfc8 27.Nxg7 Qxg7 28.Rf2 Rab8 29.Rd3 Qf7
30.Rg3 Rf8 31.h3 a5 32.Re2 Rfe8 33.Kh2 Rbc8 34.Ree3 a4 35.Rxg8+  1-0

[Event "Katowice op"]
[Site "Katowice"]
[Date "1995.??.??"]
[Round "5"]
[White "Jedryczka, Krystian"]
[Black "Linauskas, Dainius"]
[Result "1-0"]
[WhiteElo "2140"]
[BlackElo "2320"]

1.e4 c5 2.Nf3 Nc6 3.Bb5 g6 4.Bxc6 dxc6 5.h3 e5 6.d3 f6 7.Nh2 Nh6 8.f4 f5
9.O-O fxe4 10.fxe5 Nf7 11.Ng4 Bxg4 12.Qxg4 Qd4+ 13.Kh1 Be7 14.Nc3 exd3 15.Rf4 Qd8
16.Rxf7 Kxf7 17.Bh6 Qd4 18.Rf1+ Ke8 19.Rf4 Qd7 20.e6 Qc7 21.Rf7 dxc2 22.Rxh7 Rg8
23.Bf4 Rc8 24.Ne4 Qd8 25.Kh2 Rc7 26.Rh8 Bf8 27.Rxg8 Rg7 28.Rxg7 Bxg7 29.Qxg6+ Ke7
30.Qf7+  1-0

[Event "Katowice op"]
[Site "Katowice"]
[Date "1995.??.??"]
[Round "7"]
[White "Pedzich, Dominik"]
[Black "Gagarin, Vasilij"]
[Result "0-1"]
[WhiteElo "2410"]
[BlackElo "2440"]

1.e4 c5 2.Nf3 Nc6 3.Bb5 g6 4.O-O Bg7 5.Re1 e5 6.Nc3 Nge7 7.Nd5 O-O 8.c3 d6
9.Nxe7+ Qxe7 10.d3 f5 11.Bc4+ Kh8 12.Bg5 Qe8 13.d4 f4 14.dxc5 dxc5 15.Qd6 h6
16.Bh4 g5 17.Nxg5 hxg5 18.Bxg5 Bg4 19.f3 Bh5 20.Rad1 Bf7 21.Qxc5 Bxc4 22.Qxc4 Qh5
23.h4 Bf6 24.Kf2 Bxg5 25.hxg5 Qh4+ 26.Ke2 Qxg5 27.Rh1+ Kg7 28.Rd7+ Ne7 29.Rh2 Rh8
30.Rxh8 Rxh8 31.Qe6 Qxg2+ 32.Kd3 Qf1+ 33.Kc2 Rh2+ 34.Kb3 Qb5+ 35.Ka3 Qxb2+
36.Ka4 b5+ 37.Ka5 Qa3+  0-1

[Event "Katowice op"]
[Site "Katowice"]
[Date "1995.??.??"]
[Round "8"]
[White "Malisauskas, Vidmantas"]
[Black "Khudiakov, Igor"]
[Result "1-0"]
[WhiteElo "2520"]
[BlackElo "2360"]

1.e4 c5 2.Nf3 Nc6 3.Bb5 e6 4.O-O Nge7 5.c3 a6 6.Ba4 b5 7.Bc2 d5 8.d4 cxd4
9.Nxd4 Nxd4 10.Qxd4 Nc6 11.Qd3 dxe4 12.Qxe4 Bb7 13.Rd1 Qf6 14.Be3 Rb8 15.Qg4 h5
16.Qh3 Be7 17.Nd2 Qh4 18.Qxh4 Bxh4 19.Ne4 O-O 20.Nc5 Bc8 21.Nd7 Bxd7 22.Rxd7 Ne5
23.Ra7 Nc4 24.Bc1 Ra8 25.Rxa8 Rxa8 26.a4 Rc8 27.Bd3 Bf6 28.Kf1 g6 29.Ke2 Kg7
30.Be4 Nd6 31.Bd3 Rc6 32.h3 h4 33.Kd1 Nc4 34.Kc2 Nd6 35.Kb3 Rc5 36.axb5 axb5
37.Ra6 Rd5 38.Kc2 Be5 39.Rb6 Bf6 40.Be3 Bd8 41.Rc6 Nf5 42.Ba7 Be7 43.b4 Kf6
44.Rc7 Bd8 45.Rb7 Nd6 46.Rd7 Be7 47.Bc5 Bf8 48.Be2 e5 49.Bg4 e4 50.f3 e3
51.Bd4+ Rxd4 52.cxd4 Nc4 53.Kd3 Bxb4 54.Rd5 Nd6 55.Bd7 Ke7 56.Bxb5 Bd2 57.Re5+ Kf6
58.Bd7 Kg7 59.Rd5 Nc4 60.Bb5 Na5 61.Ba4 Nc4 62.Bb3 Na5 63.Rb5 Nc6 64.d5 Ne5+
65.Ke2 g5 66.d6 Kf6 67.Rb7 Ng6 68.Rxf7+ Ke5 69.d7  1-0

[Event "Katowice op"]
[Site "Katowice"]
[Date "1995.??.??"]
[Round "9"]
[White "Pedzich, Dominik"]
[Black "Pinski, Jan"]
[Result "1/2-1/2"]
[WhiteElo "2410"]
[BlackElo "2275"]

1.e4 c5 2.Nf3 Nc6 3.Bb5 e6 4.O-O Nge7 5.b3 Nd4 6.Nxd4 cxd4 7.Bb2 Nc6 8.c3 d5
9.e5 dxc3 10.Nxc3 d4 11.Ne2 a6 12.Bxc6+ bxc6 13.Nxd4 Bb7 14.Qg4 h5 15.Qe2 Be7
16.Rac1 c5 17.Nc2 Qd5 18.Ne3 Qd7 19.f4 Rd8 20.Bc3 Be4 21.Rf2 g6 22.Nc4 Qd3
23.Nd6+ Bxd6 24.exd6 Rg8 25.Be5 Rc8 26.Qxd3 Bxd3 27.Rf3 Be4 28.Rfc3 Kd7 29.Rxc5 Rxc5
30.Rxc5 Rc8 31.Rc3 Rxc3 32.dxc3 f6 33.Bxf6 Kxd6 34.Kf2 Bb1 35.a3 Bc2 36.b4 Kd5
37.Ke3 Kc4 38.g3 Kd5 39.Kd2 Bb3 40.Kd3 Bc4+ 41.Ke3 Bb5 42.Kf3 Ba4 43.Bd4 Bd1+
44.Ke3 Bc2 45.Kd2 Bb3 46.Kd3 Bc4+ 47.Ke3 Bb5 48.Kf3 Ba4 49.h3 Bd1+ 50.Ke3 Bc2
51.g4 hxg4 52.hxg4 Bd1 53.Kd3 Bb3 54.Bf6 Bc4+ 55.Ke3 Bb3 56.Be5 Bd1 57.Kd3 Bb3
58.Bg7 Bc4+ 59.Ke3 Bb3 60.Bf6 Bd1 61.Kd3 Bb3 62.a4 Bxa4 63.c4+ Kc6 64.Kd4 Bd1
65.g5 Bg4 66.Bd8 Be2 67.Be7 Bf1 68.Bd8  1/2-1/2

[Event "Katowice op"]
[Site "Katowice"]
[Date "1995.??.??"]
[Round "9"]
[White "Jedryczka, Krystian"]
[Black "Zowada, Kazimierz"]
[Result "1-0"]
[WhiteElo "2140"]
[BlackElo "2255"]

1.e4 c5 2.Nf3 Nc6 3.Bb5 Na5 4.c3 a6 5.Ba4 e6 6.O-O b5 7.Bc2 Bb7 8.d4 cxd4
9.Nxd4 Nf6 10.Qe2 e5 11.Nf5 g6 12.Ng3 Bg7 13.a4 Bc6 14.b4 Nc4 15.Na3 Nxa3
16.Bxa3 d5 17.exd5 Nxd5 18.Rad1 Qb6 19.Ne4 O-O 20.c4 Nf4 21.Qe3 Qxe3 22.fxe3 Ne6
23.Nf6+ Bxf6 24.Rxf6 Rfd8 25.cxb5 Rxd1+ 26.Bxd1 axb5 27.axb5 Bxb5 28.Bb2 Rd8
29.Bc2 Rd5 30.e4 Rd2 31.Rf2 Be2 32.Bxe5 Rxc2 33.h3 Ng5 34.b5 Nxe4 35.b6 Rc1+
36.Kh2 Nxf2  1-0

[Event "Kavala op"]
[Site "Kavala"]
[Date "1995.??.??"]
[Round "6"]
[White "Karapanos, Nikolaos"]
[Black "Papadopoulou, Triantafilia"]
[Result "1-0"]
[WhiteElo "2210"]
[BlackElo "2025"]

1.e4 c5 2.Nf3 Nc6 3.Bb5 e6 4.O-O Nge7 5.Re1 Ng6 6.c3 Be7 7.d4 Qb6 8.Bf1 O-O
9.d5 Nb8 10.Na3 d6 11.Nc4 Qd8 12.h4 exd5 13.Qxd5 Nc6 14.h5 Be6 15.Qd1 Nge5
16.Nfxe5 Nxe5 17.Ne3 Bg5 18.Be2 Rc8 19.Nd5 Bxc1 20.Rxc1 Bxd5 21.Qxd5 Qe7
22.Rcd1 Rfd8 23.f4 Nc6 24.Bg4 Rb8 25.g3 Qc7 26.Re2 b5 27.Qg5 Qe7 28.Qxe7 Nxe7
29.Red2 Rb6 30.e5 d5 31.Bf3 f6 32.Bxd5+ Nxd5 33.Rxd5 Rxd5 34.Rxd5 fxe5 35.Rxe5 b4
36.Rxc5 bxc3 37.Rxc3 Rxb2 38.Rc8+ Kf7 39.Rc7+ Kf6 40.Rxa7 Rb8 41.h6 gxh6
42.Kg2 Kg6 43.a4 Rb3 44.Kh3 h5 45.Ra6+ Kg7 46.Kh4 Ra3 47.Ra5 Kh8 48.Ra7 Kg8
49.a5 Kh8 50.a6 Kg8 51.f5  1-0

[Event "RUS-sf"]
[Site "Kazan"]
[Date "1995.??.??"]
[Round "2"]
[White "Kalegin, Evgenij"]
[Black "Karavaev, Vladimir"]
[Result "1/2-1/2"]
[WhiteElo "2475"]
[BlackElo "2370"]

1.e4 c5 2.Nf3 Nc6 3.Bb5 e6 4.O-O Nge7 5.Nc3 a6 6.Bxc6 Nxc6 7.d4 cxd4 8.Nxd4 d6
9.Nxc6 bxc6 10.Qg4 Qa5 11.Qg3 Qh5 12.f4 Bd7 13.f5 e5 14.b3 f6 15.Ba3 Qf7
16.Rad1 c5 17.Nd5 Bc6 18.Rf3 Ra7 19.Bc1 Be7 20.Qh4 Bd8 21.Rfd3 Bb5 22.c4 Bc6
23.Nc3 Bc7 24.Ba3 Ba8 25.Rh3 Bc6 26.Qf2 Rb7 27.Nd5 Bxd5 28.Rxd5 a5 29.Qc2 O-O
30.Bc1 a4 31.bxa4 Ra8 32.Bd2 Qd7 33.a5 Bxa5 34.Ra3 Qd8 35.Bxa5 Rxa5 36.Rxa5 Qxa5
37.Rd1 Qa3 38.Qd2 Rb6 39.Qd5+ Kh8 40.Qe6 h6  1/2-1/2

[Event "RUS-sf"]
[Site "Kazan"]
[Date "1995.??.??"]
[Round "6"]
[White "Yandemirov, Valeri"]
[Black "Shariyazdanov, Andrey"]
[Result "1/2-1/2"]
[WhiteElo "2460"]
[BlackElo "2475"]

1.e4 c5 2.Nf3 Nc6 3.Bb5 e6 4.O-O Nge7 5.b3 a6 6.Bxc6 Nxc6 7.Bb2 b5 8.a4 b4
9.d4 cxd4 10.Nxd4 Qf6 11.Ra2 Nxd4 12.Bxd4 Qg6 13.f3 Bb7 14.Nd2 d5 15.e5  1/2-1/2

[Event "RUS-sf"]
[Site "Kazan"]
[Date "1995.??.??"]
[Round "9"]
[White "Panchenko, Alexander N"]
[Black "Ragozin, Evgeni"]
[Result "1-0"]
[WhiteElo "2460"]
[BlackElo "2430"]

1.e4 c5 2.Nf3 Nc6 3.Bb5 d6 4.d4 cxd4 5.Qxd4 Bd7 6.Bxc6 Bxc6 7.Nc3 Nf6 8.Bg5 e6
9.O-O-O Be7 10.Qd3 O-O 11.Nd4 Qc7 12.f4 Rfd8 13.f5 e5 14.Bxf6 Bxf6 15.Nf3 Qb6
16.Nd5 Bxd5 17.Qxd5 Rac8 18.Qb3 Qxb3 19.axb3 g6 20.Rhe1 Kf8 21.g4 Be7 22.Rd3 b5
23.Rd5 a6 24.c3 Kg7 25.Kc2 Rg8 26.h3 Rc6 27.Rd2 Ra8 28.Rg2 a5 29.g5 Kf8 30.f6 Bd8
31.Ra1 b4 32.Rd2 Ke8 33.Rd3 h6 34.Rad1 hxg5 35.Rxd6 Rca6 36.Nxe5 Bxf6 37.Nc4 Rxd6
38.Rxd6 Bd8 39.Rd5 bxc3 40.bxc3 f6 41.e5 f5 42.Rd6 Kf7 43.Ne3 Be7 44.Rc6 Re8
45.Nd5 Bd8 46.Rd6 f4 47.Kd2 g4 48.hxg4 Bg5 49.Ke2 Rxe5+ 50.Kf2 Bh4+ 51.Kf3 g5
52.c4 Be1 53.Rf6+ Ke8 54.Rf5 Re6  1-0